Fundamental Problems of Labour Relations in the Law of the European Socialist Countries

Salvato in:
Dettagli Bibliografici
Autore principale: Trócsányi, László
Natura: Libro
Lingua:inglese
Pubblicazione: Budapest Akadémiai Kiadó 1986
Edizione:1. kiadás.
Tags: Aggiungi Tag
Nessun Tag, puoi essere il primo ad aggiungerne!!

MARC

LEADER 00000nam a2200000 4500
001 c027814
005 20250728084234.0
041 0 |a eng 
044 |a HU 
245 1 0 |a Fundamental Problems of Labour Relations in the Law of the European Socialist Countries  |c László Trócsányi ; [Z maď. prel.] Miklós Zehery 
250 |a 1. kiadás. 
264 1 |a Budapest  |b Akadémiai Kiadó  |c 1986 
300 |a 203 s. 
100 1 |a Trócsányi, László